00400pab a2200157 454500008004000000100001900040245004700059260000900106300001300115362001100128650001900139650001100158700002000169700001900189773003400208180718b2013 xxu||||| |||| 00| 0 eng d aJhamb, Bhumika aThe paradox of gender responsive budgeting c2013 ap.35-38. a18 May aBudget - India aBudget aSinha, Navanita aMishra, Yamini aEconomic and Political Weekly